La geografía en 1901 : (Record no. 166511)

MARC details
000 -LEADER
campo de control de longitud fija 01249nam a22002535i 4500
001 - NÚMERO DE CONTROL
campo de control 166511
003 - IDENTIFICADOR DE NÚMERO DE CONTROL
campo de control ES-MaACL
005 - FECHA Y HORA DE LA ÚLTIMA TRANSACCIÓN
campo de control 20260204135207.0
008 - DATOS DE LONGITUD FIJA--INFORMACIÓN GENERAL
campo de control de longitud fija 050914s1903 sp ab | |||||||| ||spa d
080 ## - NÚMERO DE LA CLASIFICACIÓN DECIMAL UNIVERSAL
Número de la Clasificación Decimal Universal 910"19"
100 1# - ENTRADA PRINCIPAL--NOMBRE DE PERSONA
Nombre de persona Torres Campos, Rafael,
Fechas asociadas al nombre 1853-1904
9 (RLIN) 110935
245 13 - MENCIÓN DEL TÍTULO
Título La geografía en 1901 :
Resto del título memoria sobre el progreso de los trabajos geográficos leída en la Junta general de la Sociedad Geográfica de Madrid el día 1º de julio de 1902 /
Mención de responsabilidad, etc. por el secretario general de la misma, Rafael Torres Campos.
260 ## - PUBLICACIÓN, DISTRIBUCIÓN, ETC.
Lugar de publicación, distribución, etc. Madrid :
Nombre del editor, distribuidor, etc. [s.n.],
Fecha de publicación, distribución, etc. 1903 (
Fabricante Imp. del Cuerpo de Artillería)
300 ## - DESCRIPCIÓN FÍSICA
Extensión 112 p., [2] h. pleg. de mapas ;
Dimensiones 23 cm.
530 ## - NOTA DISPONIBLE DE FORMULARIO FÍSICO ADICIONAL
Nota de formato físico adicional disponible Disponible en formato digital.
594 ## - Nota al título y mención de responsabilidad
Nota al título y mención de responsabilidad Datos tomados de la cub.
599 ## - NOTA A LAS ILUSTRACIONES
NOTA A LAS ILUSTRACIONES Las h. de mapas: "Densidad de población de las provincias y población de las capitales" y "Cultura de la población española"
650 #7 - PUNTO DE ACCESO ADICIONAL DE MATERIA--TÉRMINO DE MATERIA
Término de materia o nombre geográfico como elemento de entrada Geografía-
Subdivisión geográfica España
9 (RLIN) 166984
710 2# - ENTRADA AGREGADA--NOMBRE DE ENTIDAD CORPORATIVA
Nombre de entidad corporativa o nombre de jurisdicción como elemento de entrada Sociedad Geográfica de Madrid.
9 (RLIN) 6775
852 ## - LOCALIZACIÓN
Ubicación ES-MaACL
Número de control de estantería C-1133(2)
Nota libre Encuadernación holandesa, conservando cubierta original
Ubicación en estantería Sala Palomar
856 4# - LOCALIZACIÓN Y ACCESO ELECTRÓNICOS
Identificador Uniforme de Recursos <a href="http://bdh-rd.bne.es/viewer.vm?id=0000092340&page=1 ">http://bdh-rd.bne.es/viewer.vm?id=0000092340&page=1 </a>
Texto de enlace Biblioteca Digital Hispánica
942 ## - ELEMENTOS DE ENTRADA SECUNDARIOS (KOHA)
Fuente del sistema de clasificación o colocación Clasificación decimal universal
Holdings
Estatus retirado Estado de pérdida Estado de daño No para préstamo Colección Biblioteca de origen Biblioteca actual Ubicación en estantería Fecha de adquisición Fuente de adquisición Total de préstamos Signatura topográfica completa Código de barras Visto por última vez Precio de reemplazo Tipo de ítem Koha
        Colección digital Biblioteca del Ateneo de Madrid Biblioteca del Ateneo de Madrid Sala Palomar 17/01/2008     C-1133(2) 1174639 23/02/2023 23/02/2023 Libro impreso